000 00560nam a22001697a 4500
005 20251108163339.0
008 250721s1986 xx 000 0 ara d
082 1 4 _a027.8/حسن
100 1 _aعبد الشافي، حسن محمد
245 1 0 _aمجموعات المواد بالمكتبات المدرسية :
_bبناؤها وتنميتها وتقييمها /
264 1 _aالرياض :
_bدار المريخ،
_c1986.
300 _a182ص
650 1 7 _aالمكتبات المدرسية
650 1 7 _aالمكتبات
942 _2ddc
_cBK
999 _c399
_d399